London bus registrations – Titan - Statistics

General Stats
  • This quiz has been taken 4 times
  • The average score is 10 of 15
Answer Stats
Year Letter Answer % Correct
V CUL
100%
A SUL
100%
W GYE
100%
X KYV
100%
Y NUW
100%
B WUV
100%
T WYV
100%
Y OHV
50%
A SYE
50%
A THV
50%
S THX
50%
A THX
50%
V EYE
0%
X KYN
0%
Y RYK
0%
No matching quizzes found
Score Distribution
Percent of People with Each Score
Percentile by Number Answered
Your Score History
You have not taken this quiz